| 000 | 01599nas a2200373 i 4500 | ||
|---|---|---|---|
| 001 | 1198 | ||
| 003 | ES-MaACL | ||
| 005 | 20250803065131.0 | ||
| 007 | t| | ||
| 008 | 950801d18701872sp sr p 0 1 |spa d | ||
| 022 | _a2478-7264 | ||
| 080 | _a(460) | ||
| 080 | _a008 | ||
| 222 |
_aLa Ilustración de Madrid _bMadrid. 1870 |
||
| 245 | 0 | 3 |
_aLa Ilustración de Madrid : _brevista de política, ciencias, artes y literatura. |
| 260 |
_aMadrid : _b[s.n], _c1870-[1872] _f(Imp. de El Imparcial) |
||
| 300 |
_a2 volúmenes : _bilustraciones (blanco y negro) ; _c39 cm |
||
| 310 | _aQuincenal | ||
| 362 | 0 | _aAño 1, n. 1 (12 en. 1870)-año 3, n. 58 (30 mayo 1872)-(dic. 1872) | |
| 530 | _aDisponible en formato digital | ||
| 555 | _aÍndices anuales | ||
| 594 | _aDirector, Eduardo Gasset y Artime; director literario, Gustavo Adolfo Bécquer | ||
| 650 | 7 |
_aCultura _2embne _9170963 |
|
| 655 | 4 |
_aRevistas literarias _9176430 |
|
| 655 | 4 |
_aRevistas de información general _9226864 |
|
| 700 | 1 |
_aGasset y Artime, Eduardo, _d1832-1884 _epbd _9163507 |
|
| 700 | 1 |
_aBécquer, Gustavo Adolfo, _d1836-1870 _epbl _926974 |
|
| 787 | 0 | _tAlmanaque de La Ilustración de Madrid | |
| 852 | 4 |
_aES-MaACL _cDEPO1 _jHEM-37 _91223 |
|
| 856 | 4 |
_uhttps://prensahistorica.mcu.es/es/consulta/registro.do?id=6133 _yVersión en línea _z(Biblioteca Virtual de Prensa Histórica) |
|
| 856 | 4 |
_uhttps://bibliotecavirtualmadrid.comunidad.madrid/bvmadrid_publicacion/es/consulta/registro.do?id=543 _yVersión en línea _z(Biblioteca Digital de Madrid) |
|
| 942 |
_2udc _cPERIODICA _n0 |
||
| 999 |
_c1198 _d1198 |
||